Library Banner

مغرب کے تنقیدی نظریے (Record no. 89012)

MARC details
000 -LEADER
fixed length control field 00420nam a22001457a 4500
005 - DATE AND TIME OF LATEST TRANSACTION
control field 20161201151812.0
008 - FIXED-LENGTH DATA ELEMENTS--GENERAL INFORMATION
fixed length control field 161201b xxu||||| |||| 00| 0 eng d
040 ## - CATALOGING SOURCE
Transcribing agency PK-LaUMT
082 ## - DEWEY DECIMAL CLASSIFICATION NUMBER
Classification number MSC 801.95
Item number JIL-M
100 ## - MAIN ENTRY--PERSONAL NAME
Personal name جیلانی کامران
245 ## - TITLE STATEMENT
Title مغرب کے تنقیدی نظریے
Statement of responsibility, etc جیلانی کامران
260 ## - PUBLICATION, DISTRIBUTION, ETC. (IMPRINT)
Place of publication, distribution, etc لاہور
Name of publisher, distributor, etc مکتبہ کارواں
Date of publication, distribution, etc 1996
300 ## - PHYSICAL DESCRIPTION
Extent 176 ص
942 ## - ADDED ENTRY ELEMENTS (KOHA)
Koha item type Books
Holdings
Withdrawn status Lost status Damaged status Home library Current library Date acquired Full call number Barcode Date last seen Price effective from Koha item type
      UMT Main Campus UMT Main Campus 2016-12-01 MSC 801.95 JIL-M 102804 2016-12-01 2016-12-01 Books